000 009090000a22002170004500
020 _a968-16-4171-X
082 0 4 _aG 277.3083 B6552r
100 1 _aBloom, Harold
245 1 0 _aLa religión en los Estados Unidos : El surgimiento de la nación poscristiana / Harold Bloom ; traducido por María Teresa Macías
260 _aMéxico : Fondo de Cultura Económica
300 _a310 páginas
500 _aTítulo original en inglés: The American Religion. The Emergence of the Post-Christian Nation
501 _arústico
505 0 0 _aOrígenes -- Estadunidenses originales: Los mormones -- Estadunidenses originales rivales -- La convención de Bautistas del Sur -- La religión Estadunidense: una profecía
650 1 4 _aReligión \ Estados Unidos
001 19802
942 _cBK
999 _c46163
_d46163
336 _atexto
_btxt
_2rdacontent
337 _2rdamedia
_asin mediación
_bn
338 _2rdacarrier
_avolumen
_bnc